| 000 | 02413cam a22004694i 4500 | ||
|---|---|---|---|
| 003 | PE-LiUPU | ||
| 005 | 20250731173344.0 | ||
| 008 | 150706s2007 bl r 000 0 spa d | ||
| 020 | _a9788587672124 | ||
| 035 | _a(Sirsi) i9788587672124 | ||
| 040 |
_aPE-LiUPU _bspa _cPE-LiUPU _erda |
||
| 049 | _aPRUA | ||
| 082 | 0 | 4 |
_a253.702 _bA11 _221 |
| 245 | 0 | 1 |
_aPequenos Grupos, Grandes Soluçoes / _c[organizador: Milton Torres]. |
| 264 | 1 |
_aGuaralhos, SP : _bParma, _c2007. |
|
| 300 |
_a210 páginas ; _c21 centímetros |
||
| 336 |
_atext _2rdacontent |
||
| 337 |
_aunmediated _2rdamedia |
||
| 338 |
_avolume _2rdacarrier |
||
| 505 | 0 | _aFundamentos bíblicos e teológicos do ministerio de pequenos grupos -- Os peuquenos grupos na história do Cristianismo -- A dinámica do adventismo primitivo e a recenté discussao sobre a reforma organizacional da I.A.S.D -- Experienciasbem-sucedidas contemporáneos e a estructura de pequenos grupos -- Os pequenos grupos como estructura religiosa ideal para se alcanzar a mente pós-moderna -- A mulher e os pequenos grupos -- O discipulado como base para o crecimiento da Igreja -- Os conselhos de Elle White acerca da prioridade do ensino -- Propasta de una trilha de discupulado para a I.A.S.D -- Perfil pastorial para a estructura de pequenos grupos -- Pequenos grupos para clases sociais de alto poder aquisitivo e elevado nivel educacional -- A relacao entre os pequenos grupos e a estructura departamentalizada da I.A.S.D -- Pequenos grupos de pastoreo -- Novos paradigmas: implementando mudanca. | |
| 526 | _aSEG42 | ||
| 526 | _aSEG41 | ||
| 526 | _aSEG40 | ||
| 526 | _aSEG39 | ||
| 526 | _aP94 | ||
| 526 | _aP87 | ||
| 526 | _aP86 | ||
| 526 | _aP85 | ||
| 526 | _aP77 | ||
| 526 | _aP76 | ||
| 526 | _aP35 | ||
| 650 | 0 | 4 |
_aEvangelismo. _9953 |
| 650 | 0 | 4 |
_aPequeños grupos _xMinisterio. |
| 700 | 1 |
_aTorres, Milton, _eorg. |
|
| 910 |
_agl _cng _d20091102 |
||
| 942 |
_2ddc _cBOOK |
||
| 949 |
_a253.702 A11 _wDEWEY _c1 _i60629 _lCCODEBUL1 _mBUL _p9.00 _r0 _sY _tBOOK _u2015-7-6 _xTEOLOGIA _zUNKNOWN _0COMPRA _o.STAFF. Colección General |
||
| 994 |
_aC0 _bPEPRU |
||
| 596 | _a1 | ||
| 999 |
_a253.702 A11 _wDEWEY _c50043 _i60629 _e2017-5-22 _f2021-11-12 _g5 _lCCODEBUL1 _mBUL _n2 _p9.00 _r0 _sY _tBOOK _u2015-7-6 _xTEOLOGIA _PP35 _0COMPRA _o.STAFF. Colección Teología _d50043 |
||
| 980 |
_81 _gALBERTO SANCHEZ Responsable de Automatización |
||